| 000 | 00653nam a2200229 4500 | ||
|---|---|---|---|
| 003 | OSt | ||
| 005 | 20240610032011.0 | ||
| 006 | a | ||
| 008 | 240610b |||||||| |||| 00| 0 eng d | ||
| 020 | _a9781843346241 | ||
| 040 |
_aDWCL-Main lib. _cOC |
||
| 082 | _aCirc. 025.1 A258m 2012 | ||
| 100 | _aAfzal, Waseem | ||
| 245 | _aManagement of Information organizations / | ||
| 260 |
_aOxford, UK : _bChandos Pub., _cc2012. |
||
| 300 |
_axix, _b159 p. ; _c24 cm. |
||
| 504 | _aIncludes bibliographical references. | ||
| 650 | _a1. Library administration. | ||
| 650 | _a2. Library planning. | ||
| 700 | _aWaseem Afzal | ||
| 942 |
_2ddc _n0 _cBK-CIRC _kCirc. |
||
| 999 |
_c444 _d444 |
||